00946nam a2200205 4500003000900000020001800009040002800027082001800055245016200073250002300235260010600258300003300364490010100397500002800498650004400526650003900570650004300609650005800652700003000710CO-ViMGA a9789586654739 aCO-ViMGAbspacCO-ViMGA04a306.76 b E9610aExperiencias familiares de madres y padres con orientaciones sexuales diversas :baportes de la investigación /cElvia Vargas Trujillo ... [y otros cuatro] aEdición especial aBogotá :bUniversidad de los Andes,bFacultad de Ciencias Sociales-CESO :bSiglo del Hombre,c2017. axiv, 235 páginas ;b24 cm. a(Psicología). (Plan Nacional de Lectura y Escritura Leer es mi Cuento / Ministerio de Cultura) aIncluye bibliografía.14aIdentidad De Género - Investigaciones14aIdentidad Sexual - Investigaciones14aOrientación Sexual - Investigaciones14aSexualidad -Aspectos Psicológicos - Investigaciones1 aI. Vargas Trujillo, Elvia